000
00223 a2200097 4500
001
12703
100
_a
Agrachev,A
245
_a
Control theory from the geometric viewpoint.
260
_a
_b
Springer
_c
090
_c
9700
_d
9700
942
_a
NUST-CAE
_c
M
_c
36601
999
_c
247776
_d
247776